| 000 | 00644cam a2200217 4500500 | ||
|---|---|---|---|
| 005 | 20260405003647.0 | ||
| 041 | _afre | ||
| 042 | _adc | ||
| 100 | 1 | 0 |
_aMorel, François _eauthor |
| 245 | 0 | 0 | _aConseil n° 26 : prenons la bonne “bonne résolution” |
| 260 | _c2023. | ||
| 500 | _a65 | ||
| 690 | _aFrançois Morel | ||
| 690 | _aHumour | ||
| 690 | _aNouvel an | ||
| 690 | _aRésolution | ||
| 690 | _aRire | ||
| 690 | _aVolonté | ||
| 786 | 0 | _nPhilosophie magazine | 167 | 2 | 2023-03-01 | p. 82-82 | 1951-1787 | |
| 856 | 4 | 1 | _uhttps://shs.cairn.info/magazine-philosophie-magazine-2023-2-page-82?lang=fr&redirect-ssocas=7080 |
| 999 |
_c2069686 _d2069686 |
||